000 01029nam0a22002411 4500
001 rc\4287426
005 20130416123107.4
035 _a(NLR Aleph) 008213262
090 _a8109911
_c8109911
100 _a20130416f19001999|||y0rusy50 ca
101 0 _arus
102 _aRU
105 _aa z |||||
200 1 _aОпыт изготовления матриц пресс-форм методом холодного выдавливания
_fГос. ком. Совета Министров РСФСР по координации науч.-исслед. работ. Гос. науч.-исслед. ин-т науч. и техн. информации ГОСИНТИ
210 _aМосква
_cБ. и.
_d[19--]
215 _a15 с.
_cчерт.
_d15
225 1 _aПередовой научно-технический и производственный опыт
_v№ 6-65-1596/445
700 1 _aБелов
_bГ. А.
801 0 _aRU
_bNLR
_gpsbo
801 1 _aRU
_bELAR
_2rusmarc
852 _aNLR
_jП11/2295
942 _cBOOK
980 _aNB